Statistics for The 1975 - Be My Mistake

Click here to take the quiz!

General Stats

  • This quiz has been taken 24 times
  • The average score is 128 of 139

Answer Stats

Answer% Correct
be
100%
But
100%
can
100%
get
100%
hard
100%
make
100%
makes
100%
me
100%
mistake
100%
my
100%
she
100%
She
100%
sleep
100%
So
100%
we
100%
weak
100%
You
100%
you
100%
a
91%
And
91%
called
91%
Cause
91%
do
91%
don't
91%
drink
91%
feet
91%
give
91%
hair
91%
have
91%
her
91%
hotel
91%
how
91%
hug
91%
I
91%
Just
91%
just
91%
light
91%
like
91%
lonesome
91%
much
91%
of
91%
out
91%
outside
91%
Reminds
91%
room
91%
see
91%
shouldn't
91%
sign
91%
smell
91%
sometimes
91%
speak
91%
take
91%
The
91%
the
91%
Then
91%
til
91%
to
91%
turn
91%
wait
91%
want
91%
While
91%
your
91%
all
82%
bought
82%
Save
82%
going
82%
jeans
82%
jokes
82%
ones
82%
save
82%
those
82%
you're
82%

Score Distribution

Percentile by Number Answered

Percent of People with Each Score

Your Score History

You have not taken this quiz